One-Punch Man. 01: Одним ударом & секрет силы (Запись № 13068966)

Подробности
000 -МАРКЕР
контрольное поле 01253nam2a2200277 4500
001 - ИДЕНТИФИКАТОР ЗАПИСИ
контрольное поле RU\NLR\BIBL_A\012763184
005 - ИДЕНТИФИКАТОР ВЕРСИИ
контрольное поле 20231113111259.0
010 ## - МЕЖДУНАРОДНЫЙ СТАНДАРТНЫЙ НОМЕР КНИГИ (ISBN)
Номер (ISBN) 978-5-389-14111-7
Тираж 15000
021 ## - НОМЕР ГОСУДАРСТВЕННОЙ РЕГИСТРАЦИИ
Код страны Российская Федерация
Номер АЛ-П-21-00178и
Номер Листа государственной регистраци АЛ-П-21-0158
021 ## - НОМЕР ГОСУДАРСТВЕННОЙ РЕГИСТРАЦИИ
Код страны Российская Федерация
Номер АЛ-П-23-00889и
Номер Листа государственной регистраци АЛ-П-23-0188
035 ## - ДРУГИЕ СИСТЕМНЫЕ НОМЕРА
Идентификатор записи (NLR Aleph) 012763184
100 ## - ДАННЫЕ ОБЩЕЙ ОБРАБОТКИ
Данные общей обработки 20220415d2021 u y0rusy50 ca
101 1# - ЯЗЫК РЕСУРСА
Язык текста, звукозаписи и т.д. русский
Язык оригинала японский
102 ## - СТРАНА ПУБЛИКАЦИИ ИЛИ ПРОИЗВОДСТВА
Страна публикации Российская Федерация
105 ## - ПОЛЕ КОДИРОВАННЫХ ДАННЫХ: ТЕКСТОВЫЕ МАТЕРИАЛЫ, МОНОГРАФИЧЕСКИЕ
Кодированные данные о монографическом текстовом документе a|||t|||000ay
200 1# - ЗАГЛАВИЕ И СВЕДЕНИЯ ОБ ОТВЕТСТВЕННОСТИ
Основное заглавие Одним ударом & секрет силы
210 ## - ПУБЛИКАЦИЯ, РАСПРОСТРАНЕНИЕ И ДР.
Дата издания, распространения и т.д. 2021
215 ## - ФИЗИЧЕСКАЯ ХАРАКТЕРИСТИКА
Специфическое обозначение материала и объем 373, [26] с.
Другие сведения о физической характеристике ил.
327 1# - ПРИМЕЧАНИЯ О СОДЕРЖАНИИ
Текст примечания Содерж.: Кн. 1: Одним ударом; Кн. 2: Секрет силы
461 #0 - УРОВЕНЬ НАБОРА
Встроенное поле 001RU\NLR\BIBL_A\012763164
-- 2001#$aOne-Punch Man$eманга$fOne$g[перевод с японского Кристины Огневой]$gхудожник Юскэ Мурата$v01
-- 700#0$aOne$cпсевдоним, мангака$3RU\NLR\AUTH\770194794
Системный номер (АБИС) связанной записи 13068905
Автор One (псевдоним, мангака)
Место публикации Санкт-Петербург
Дата публикации 2021
Первые сведения об ответственности One
Имя издателя, распространителя и т.д. Азбука
Сведения, относящиеся к заглавию манга
Заглавие One-Punch Man
Номер тома 01
942 ## - ДОПОЛНИТЕЛЬНЫЕ ЭЛЕМЕНТЫ ЗАПИСИ (АБИС)
Тип экземпляра АБИС Книга
980 ## - КОЛЛЕКЦИЯ
Название коллекции Национальная библиография
Экземпляры
Тип экземпляра Дата поступления Источник поступления Стоимость Библиотека постоянного хранения Библиотека текущего хранения Место хранения Шифр хранения Штрих-код Статус экземпляра Нумерация / хронология для периодики
Книга 15.04.2022 Обязательный экземпляр 0.00 РНБ (Московский) РНБ (Московский) Русский книжный фонд: издания с 1957 года 2022-3/9856 1-3691166    
Книга 09.11.2023 Обязательный экземпляр 0.00 РНБ (Московский) РНБ (Московский) Обменный фонд   1-4212677   2023
Книга 09.11.2023 Обязательный экземпляр 0.00 РНБ (Московский) РНБ (Московский) Обменный фонд   1-4212680   2023